Obsahové vymedzenie a účtovné zobrazenie obstarávania a odpisovania dlhodobého hmotného majetku bakalárska práca

Saved in:
Bibliographic Details
Main Author: Satinová, Daniela
Corporate Author: Fakulta hospodárskej informatiky EU. Katedra účtovníctva a audítorstva
Other Authors: Sklenka, Miloš
Format: Book
Language:Slovak
Published: Bratislava 2010
Tags: Add Tag
No Tags, Be the first to tag this record!

MARC

LEADER 00000nbm a2200000 4500
001 0133740
005 20161109111547.1
041 0 |a slo 
044 |a SK 
245 1 0 |a Obsahové vymedzenie a účtovné zobrazenie obstarávania a odpisovania dlhodobého hmotného majetku  |b bakalárska práca  |c Daniela Satinová ; školiteľ: Miloš Sklenka 
264 1 |a Bratislava  |c 2010 
300 |a 42 s. 
100 1 |a Satinová, Daniela 
700 1 |a Sklenka, Miloš 
710 2 |a Fakulta hospodárskej informatiky EU. Katedra účtovníctva a audítorstva